قتيبة بن مسلم / (رقم التسجيلة. 32444)
[ عرض عادي ]
| 000 -LEADER | |
|---|---|
| fixed length control field | 00718nam a22002177a 4500 |
| 005 - DATE AND TIME OF LATEST TRANSACTION | |
| control field | 20251108165830.0 |
| 008 - FIXED-LENGTH DATA ELEMENTS--GENERAL INFORMATION | |
| fixed length control field | 250721s9999 xx 000 0 ara d |
| 082 14 - DEWEY DECIMAL CLASSIFICATION NUMBER | |
| Classification number | ط/923.5/كما |
| 100 1# - MAIN ENTRY--PERSONAL NAME | |
| Personal name | كمال، محمد |
| 245 10 - TITLE STATEMENT | |
| Title | قتيبة بن مسلم / |
| 264 1# - PRODUCTION, PUBLICATION, DISTRIBUTION, MANUFACTURE, AND COPYRIGHT NOTICE | |
| Place of production, publication, distribution, manufacture | حلب : |
| Name of producer, publisher, distributor, manufacturer | دار ربيع، |
| Date of production, publication, distribution, manufacture, or copyright notice | [19-]. |
| 300 ## - PHYSICAL DESCRIPTION | |
| Extent | 16 ص. |
| 490 0# - SERIES STATEMENT | |
| Series statement | شمس الهدى و الإيمان : أعلام الفتح الإسلامي |
| Volume/sequential designation | 14 |
| 650 17 - SUBJECT ADDED ENTRY--TOPICAL TERM | |
| Topical term or geographic name as entry element | السيرة النبوية |
| 650 17 - SUBJECT ADDED ENTRY--TOPICAL TERM | |
| Topical term or geographic name as entry element | الصحابة و التابعون |
| 653 ## - INDEX TERM--UNCONTROLLED | |
| Uncontrolled term | أطفال مرحلة متوسطة (6-9 سنوات) |
| 653 ## - INDEX TERM--UNCONTROLLED | |
| Uncontrolled term | قتيبة بن مسلم |
| 700 1# - ADDED ENTRY--PERSONAL NAME | |
| Personal name | حاضري، بدر الدين |
| 942 ## - ADDED ENTRY ELEMENTS (KOHA) | |
| Source of classification or shelving scheme | Dewey Decimal Classification |
| Koha item type | كتب |
| حالة السحب | حالة الفقدان | مصدر التصنيف | حالة التلف | غير قابل للإعارة | المكتبة الرئيسية | المكتبة الحالية | موقع الرف | تاريخ التزويد | الرقم المتسلسل | Total Checkouts | رقم الإستدعاء | الباركود | تاريخ آخر ظهور | تاريخ الفاتورة | نوع المادة (كوها) |
|---|---|---|---|---|---|---|---|---|---|---|---|---|---|---|---|
| Dewey Decimal Classification | مكتبة قتيبة للأطفال | مكتبة قتيبة للأطفال | الأطفال | 03/11/2017 | 1666169 | ط/923.5/كما | PLD00409026 | 28/07/2025 | 03/11/2017 | كتب | |||||
| Dewey Decimal Classification | مكتبة قتيبة للأطفال | مكتبة قتيبة للأطفال | الأطفال | 09/11/2017 | 1666571 | ط/923.5/كما | PLD00409936 | 28/07/2025 | 09/11/2017 | كتب | |||||
| Dewey Decimal Classification | مكتبة أم المؤمنين للأطفال | مكتبة أم المؤمنين للأطفال | الأطفال | 28/07/2025 | 430951 | ط/923.5/كما | 430951 | 28/07/2025 | 28/07/2025 | كتب | |||||
| Dewey Decimal Classification | مكتبة الأميرة سلمى | مكتبة الأميرة سلمى | الإعارة | 28/07/2025 | 567482 | ط/923.5/كما | 567482 | 28/07/2025 | 28/07/2025 | كتب | |||||
| Dewey Decimal Classification | مكتبة البراءة للأطفال | مكتبة البراءة للأطفال | الأطفال | 28/07/2025 | 303734 | ط/923.5/كما | 303734 | 28/07/2025 | 28/07/2025 | كتب | |||||
| Withdrawn | Dewey Decimal Classification | Unchecked | مكتبة الراية الهاشمية للأطفال | مكتبة الراية الهاشمية للأطفال | الأطفال | 28/07/2025 | 303766 | ط/923.5/كما | 28/07/2025 | 28/07/2025 | كتب | ||||
| Dewey Decimal Classification | مكتبة بدر الجديدة للأطفال | مكتبة بدر الجديدة للأطفال | الأطفال | 12/11/2015 | 1618442 | ط/923.5/كما | PLD00364405 | 28/07/2025 | 12/11/2015 | كتب | |||||
| Dewey Decimal Classification | مكتبة بدر للأطفال | مكتبة بدر للأطفال | الأطفال | 09/08/2022 | 303750 | ط/923.5/كما | PLD00498582 | 28/07/2025 | 09/08/2022 | كتب |